000 00982nam a22002657a 4500
003 CSPC
005 20260210172141.0
008 260210c2010 ph zr i 00 0 eng d
022 _a2094-4012
040 _aCSPC
_beng
_cCSPC
_erda
245 0 0 _aSed vitae :
_bresearch journal of the university of nueva caceres city of naga /
264 1 _aNaga City :
_bResearch Center, AMS,
_c2010.
300 _avolumes :
_billustrations ;
_c23 cm.
336 _2rdacontent
_atext
337 _2rdacarrier
_aunmediated
338 _2rdacarrier
_avolumes
362 _aVolume 1, Number 2
504 _aIncludes bibliographical references
521 _aBachelor of Public Administration (BPA)
650 _aResearch
_vPeriodicals.
650 _aAcademic journals
_vPeriodicals.
700 1 _aCastroverde, Jacob M.,
_eeditor.
942 _2ddc
_n0
_cSERIALS
_h001.05
_iSe27
_kSER
_m2010
999 _c31734
_d31734